Statistieken voor Griekse mythen

Klik hier om de quiz te nemen!

Algemene statistieken

  • Deze quiz is 122 keer genomen
  • De gemiddelde score is 8 van 15

Antwoordstatistieken

VraagAntwoord% Correct
Wat gaf Ariadne aan Theseus mee, toen hij het labyrint inging?Een draad
83%
Hoe zag de Sfinx er uit?Een leeuwenlichaam + een vrouwenhoofd en -boezem + vleugels
80%
Waaruit bestond het orakel dat Oedipus te horen kreeg?Hij zou zijn vader vermoorden en met zijn moeder trouwen.
75%
Welke godin behoort NIET tot het Grieks pantheon?Minerva
73%
Wie vocht NIET mee in de Trojaanse oorlog?Theseus
67%
Wat moest Sisyphus doen in de Tartaros?Een rotsblok een berg op duwen.
61%
Het raadsel van de Sfinx luidde als volgt:Een en hetzelfde wezen beweegt zich ’s ochtends op vier, ’s middags op twee en ’s avonds op drie poten voort
60%
Hoe werd het geheim over de ezelsoren van koning Midas wereldkundig gemaakt?Zijn barbier fluisterde het in het riet en dat riet verspreidde de boodschap.
53%
Wat was de wens van Salmakis?Dat zij en Hermafroditos zouden versmelten tot één persoon.
51%
Hoe overtuigde Orfeus de goden van de onderwereld ervan om zijn geliefde Euridyce terug mee te mogen nemen naar de wereld van de levende mensen?Hij speelde ontzettend mooie muziek.
51%
Waarom werden de Danaïden gestraft in de Tartaros?Ze hadden in hun huwelijksnacht hun echtgenoten vermoord.
49%
Hoeveel werken moest Ares uitvoeren?0
42%
Wat boden de godinnen tijdens de schoonheidswedstrijd niet aan Paris aan om hem 'om te kopen'?Enorme schoonheid.
39%
Hoe werd Midas verlost van zijn midasplaag?Hij waste zijn handen in een rivier.
38%
Welke wezens zaten misdadigers achterna totdat dezen boete gedaan hadden voor hun misdaden?Erinyen
20%

Scoreverdeling

Percentiel versus Aantal Correcte Antwoorden

Procent van Mensen met Elke Score

Uw Scoregeschiedenis

U heeft deze quiz nog niet genomen